One thousand wildlife quiz (Record no. 226249)
[ view plain ]
| 000 -LEADER | |
|---|---|
| fixed length control field | 00615nam a22002177a 4500 |
| 005 - DATE AND TIME OF LATEST TRANSACTION | |
| control field | 20230105093016.0 |
| 008 - FIXED-LENGTH DATA ELEMENTS--GENERAL INFORMATION | |
| fixed length control field | 230105b ||||| |||| 00| 0 eng d |
| 020 ## - INTERNATIONAL STANDARD BOOK NUMBER | |
| International Standard Book Number | 8171670458 |
| 040 ## - CATALOGING SOURCE | |
| Transcribing agency | AL |
| 082 ## - DEWEY DECIMAL CLASSIFICATION NUMBER | |
| Edition number | 23 |
| Classification number | 032.02 |
| Item number | PANO |
| 100 ## - MAIN ENTRY--PERSONAL NAME | |
| Personal name | Deep Narayan Pandey |
| 100 ## - MAIN ENTRY--PERSONAL NAME | |
| 9 (RLIN) | 68517 |
| 245 ## - TITLE STATEMENT | |
| Title | One thousand wildlife quiz |
| 260 ## - PUBLICATION, DISTRIBUTION, ETC. | |
| Place of publication, distribution, etc. | Calcutta |
| Name of publisher, distributor, etc. | Rupa & Co |
| Date of publication, distribution, etc. | 1991 |
| 300 ## - PHYSICAL DESCRIPTION | |
| Extent | 168p. |
| Other physical details | PB |
| Dimensions | 18x11cm. |
| 365 ## - TRADE PRICE | |
| Source of price type code | Others |
| 650 ## - SUBJECT ADDED ENTRY--TOPICAL TERM | |
| Topical term or geographic name entry element | Indian Natural History |
| 9 (RLIN) | 68518 |
| 650 ## - SUBJECT ADDED ENTRY--TOPICAL TERM | |
| Topical term or geographic name entry element | Books and Authors |
| 9 (RLIN) | 68519 |
| 650 ## - SUBJECT ADDED ENTRY--TOPICAL TERM | |
| Topical term or geographic name entry element | Wildlife Conservation in India |
| 9 (RLIN) | 68520 |
| 700 ## - ADDED ENTRY--PERSONAL NAME | |
| Personal name | PANDEY (Deep Narayan) |
| 9 (RLIN) | 68521 |
| 942 ## - ADDED ENTRY ELEMENTS (KOHA) | |
| Source of classification or shelving scheme | Dewey Decimal Classification |
| Koha item type | Donated Books |
| Withdrawn status | Lost status | Source of classification or shelving scheme | Damaged status | Not for loan | Collection code | Home library | Current library | Date acquired | Total Checkouts | Full call number | Barcode | Date last seen | Price effective from | Koha item type |
|---|---|---|---|---|---|---|---|---|---|---|---|---|---|---|
| Dewey Decimal Classification | Others | St Aloysius Library | St Aloysius Library | 11/24/2014 | 032.02 PANO | D05203 | 01/05/2023 | 01/05/2023 | Donated Books |